| 000 | 00315nam a22000857a 4500 | ||
|---|---|---|---|
| 999 |
_c24706 _d24706 |
||
| 003 | NUST | ||
| 005 | 20170605124547.0 | ||
| 008 | 140828b xxu||||| |||| 00| 0 eng d | ||
| 020 | _cAvailable | ||
| 040 |
_aDLC _bDLC _cRCMS |
||
| 050 | _a515.93 WAR | ||
| 082 | _a515.93 WAR | ||
| 100 |
_aWord James Brown _91975 |
||
| 245 |
_aComplex Variables and Its Applications _cWord James Brown |
||
| 300 | _a96 p. : | ||
| 538 | _iShelf # 11, Row # 6, Mechanical & Aerospace. | ||
| 856 | _3Table of Contents Only. | ||
| 942 |
_2ddc _cBK _h515.93 WAR |
||